| 000 | 00401nam a2200157 a 4500 | ||
|---|---|---|---|
| 001 | 3100 | ||
| 005 | 20140414131933.0 | ||
| 008 | 060201s19uu xx 00 eng d | ||
| 020 | _a0-75370-443-9 | ||
| 050 |
_aREF 031.02 _bT22 2001 |
||
| 245 | _aTell me why?. | ||
| 260 |
_aLondon : _bChancellor Press, _c2001. |
||
| 300 | _a207 p. : ill. ; cm. | ||
| 650 |
_aEncyclopedias _xFacts. |
||
| 999 |
_c112293 _d112293 |
||